| Tag |
First Indicator |
Second Indicator |
Subfields |
| LEADER |
00000nam a2200000 i 4500 |
| 001 |
in00004772002 |
| 006 |
m o d |
| 007 |
cr cnu---unuuu |
| 008 |
230628s2023 quc o 000 0 fre d |
| 005 |
20240212143120.9 |
| 020 |
|
|
|a 9782766302031
|q (electronic book)
|
| 020 |
|
|
|a 2766302034
|q (electronic book)
|
| 035 |
|
|
|a (NhCcYBP)jstor22573/CATS4997456
|
| 037 |
|
|
|a 22573/cats4997456
|b JSTOR
|
| 040 |
|
|
|a NhCcYBP
|c NhCcYBP
|
| 041 |
0 |
|
|a fre
|a eng
|
| 050 |
|
4 |
|a LB1027.43
|b .K55 2023
|
| 072 |
|
7 |
|a EDU
|x 016000
|2 bisacsh
|
| 082 |
0 |
4 |
|a 371.3/6
|2 23/eng/20230724
|
| 100 |
1 |
|
|a Kilpatrick, William Heard,
|d 1871-1965,
|e author.
|
| 245 |
1 |
3 |
|a La méthode des projets :
|b l'utilisation de l'acte intentionnel dans le processus educatif /
|c William Heard Kilpatrick ; texte présénte par Normand Baillargeon ; traduit par Camille Santerre-Baillargeon ; postface par Steve Bissonnette.
|
| 264 |
|
1 |
|a Québec :
|b Presses de l'Universite Laval,
|c [2023]
|
| 300 |
|
|
|a 1 online resource.
|
| 336 |
|
|
|a text
|b txt
|2 rdacontent
|
| 337 |
|
|
|a computer
|b c
|2 rdamedia
|
| 338 |
|
|
|a online resource
|b cr
|2 rdacarrier
|
| 490 |
0 |
|
|a Collection Réminiscences
|
| 588 |
0 |
|
|a Online resource; title from digital title page (viewed on August 16, 2023).
|
| 505 |
0 |
|
|a Intro -- Introduction -- Les origines de la méthode -- L'ambitieuse et influente synthèse de William H. Kilpatrick -- Le parcours d'un mathématicien devenu philosophe de l'éducation -- La méthode -- Critiques et autocritique -- La méthode des projets. L'utilisation de l'acteintentionnel dans le processus éducatif -- Postface -- La réforme de l'éducation au Québec :un terreau fertile pour la pédagogie du projet ! -- Introduction -- 1. Le discours ministériel et la pédagogie du projet -- 2. Réforme de l'éducation, pédagogie de projetet résultats scolaires -- Conclusion.
|
| 650 |
|
0 |
|a Project method in teaching.
|
| 655 |
|
7 |
|a Electronic books.
|2 local
|
| 700 |
1 |
|
|a Baillargeon, Normand,
|d 1958-
|e editor.
|
| 700 |
1 |
|
|a Santerre-Baillargeon, Camille,
|e translator.
|
| 700 |
1 |
|
|a Bissonnette, Steve,
|e writer of postface.
|
| 776 |
1 |
|
|z 9782766302024
|
| 856 |
4 |
0 |
|u http://proxy.library.tamu.edu/login?url=https://www.jstor.org/stable/10.2307/jj.5024395
|z Connect to the full text of this electronic book
|t 0
|
| 955 |
|
|
|a JSTOR DDA record
|
| 999 |
f |
f |
|s 6981258c-92ea-47f4-b2d4-1dd8f672d9b1
|i 7e59ff4d-02b3-4c2e-afb6-810c4e5a2910
|t 0
|
| 952 |
f |
f |
|a Texas A&M University
|b College Station
|c Electronic Resources
|d Available Online
|t 0
|e LB1027.43 .K55 2023
|h Library of Congress classification
|
| 998 |
f |
f |
|a LB1027.43 .K55 2023
|t 0
|l Available Online
|